| 000 | 00465nam a2200193Ia 4500 | ||
|---|---|---|---|
| 999 |
_c129198 _d129198 |
||
| 001 | 303 | ||
| 003 | OSt | ||
| 005 | 20221022152905.0 | ||
| 008 | 140311s9999 xx 000 0 und d | ||
| 040 | _cPK-LaUMT | ||
| 082 |
_a153.123 _bLOR-H |
||
| 100 | _aHarry Lorayne | ||
| 245 |
_aHow to develop a super-power memory _cHarry Lorayne |
||
| 260 |
_bGolden Books Centre, _c2000. |
||
| 300 | _a227 p. | ||
| 546 | _aEN | ||
| 650 | _aMnemonics | ||
| 942 |
_cSTK2001 _2ddc |
||